Analýza odozvy robotického ramena na dynamické zaťaženie

Salvato in:
Dettagli Bibliografici
Autore principale: Brisuda, Dominik (Autore)
Altri autori: Úradníček, Juraj (Relatore della tesi)
Natura: Manoscritto Libro
Lingua:slovacco
Pubblicazione: 2023
Soggetti:
Accesso online:http://is.stuba.sk/zp/portal_zp.pl?podrobnosti=171651
Tags: Aggiungi Tag
Nessun Tag, puoi essere il primo ad aggiungerne!!

MARC

LEADER 00000ntm a22000003a 4500
001 stuzp94796
003 SK-STU
005 20230909223146.5
007 ta
008 150427s2015----xo-----f-mn---000-0-slo-d
040 |a STU  |b slo 
041 0 |a slo 
100 1 |a Brisuda, Dominik  |u 020010  |4 aut  |U SjF Strojnícka fakulta  |T SjF Ústav aplikovanej mechaniky a mechatroniky  |X 117314  |U J0010  |Y 801  |7 117314 
242 0 1 |a Analysis of the response of a robotic arm to dynamic loading  |y eng 
245 1 0 |a Analýza odozvy robotického ramena na dynamické zaťaženie 
260 |c 2023 
650 4 |a aplikácia  |2 slo 
650 4 |a Matlab  |2 slo 
650 4 |a zaťaženie  |2 slo 
650 4 |a robotické rameno  |2 slo 
650 4 |a pohyb v priestore  |2 slo 
650 4 |a application  |2 eng 
650 4 |a Matlab  |2 eng 
650 4 |a robotic arm  |2 eng 
650 4 |a movement in space  |2 eng 
650 4 |a movement in space  |2 eng 
700 1 |a Úradníček, Juraj  |u 020010  |k Z1  |4 ths  |U SjF Strojnícka fakulta  |T SjF Ústav aplikovanej mechaniky a mechatroniky  |X 10090  |U J0010  |Y 801  |7 A000010090 
856 4 |u http://is.stuba.sk/zp/portal_zp.pl?podrobnosti=171651